Ordenación del territorio y medio ambiente / (Registro nro. 52680)

Detalles MARC
000 -LEADER
campo de control de longitud fija 02212cam a22004574i 4500
003 - IDENTIFICADOR DE NÚMERO DE CONTROL
campo de control PE-LiUPU
005 - FECHA Y HORA DE LA ÚLTIMA TRANSACCIÓN
campo de control 20250731183429.0
008 - DATOS DE LONGITUD FIJA--INFORMACIÓN GENERAL
campo de control de longitud fija 150706s r 000 0 d
020 ## - NÚMERO INTERNACIONAL ESTÁNDAR DEL LIBRO
Número Internacional Estándar del Libro 9788436254891
035 ## - NÚMERO DE CONTROL DEL SISTEMA
Número de control de sistema (Sirsi) i9788436254891
040 ## - FUENTE DE CATALOGACIÓN
Centro catalogador/agencia de origen PE-LiUPU
Lengua de catalogación spa
Centro/agencia transcriptor PE-LiUPU
Normas de descripción rda
049 ## - FONDOS LOCALES (OCLC)
Biblioteca depositaria PRUA
082 04 - NÚMERO DE LA CLASIFICACIÓN DECIMAL DEWEY
Número de clasificación 711.504
Cutter O6
Número de edición 21
245 01 - MENCIÓN DEL TÍTULO
Título Ordenación del territorio y medio ambiente /
Mención de responsabilidad, etc. Antonio Fernández Fernández, Carlos J. Pardo Abad, Eva M. Martín Roda y David Cocero Matesanz .
264 #1 - PRODUCCIÓN, PUBLICACIÓN, DISTRIBUCIÓN, FABRICACIÓN Y COPYRIGHT
Producción, publicación, distribución, fabricación y copyright Madrid :
Nombre del de productor, editor, distribuidor, fabricante Universidad Nacional de Educación a Distancia,
Fecha de producción, publicación, distribución, fabricación o copyright 2007.
300 ## - DESCRIPCIÓN FÍSICA
Extensión 589 páginas :
Otras características físicas ilustraciones a color y n. mapas ;
Dimensiones 24 cm.
336 ## - TIPO DE CONTENIDO
Término de tipo de contenido text
Fuente rdacontent
337 ## - TIPO DE MEDIO
Nombre/término del tipo de medio unmediated
Fuente rdamedia
338 ## - TIPO DE SOPORTE
Nombre/término del tipo de soporte volume
Fuente rdacarrier
490 0# - MENCIÓN DE SERIE
Mención de serie Unidad didáctica
504 ## - NOTA DE BIBLIOGRAFÍA, ETC.
Nota de bibliografía, etc. Incluye bibliografía al final de cada capítulo.
505 0# - NOTA DE CONTENIDO CON FORMATO
Nota de contenido con formato La ordenación del territorio: aspectos generales -- Análisis, diagnóstico, y conservación ambiental del territorio -- Reglamentaciones e instrumentos para la ordenación del territorio -- Contenidos y metodología de un plan de ordenación territorial y urbana -- Análisis del sistema territorial -- La planificación territorial -- La evaluación del impacto ambiental en la planificación territorial.
526 ## - NOTA DE INFORMACIÓN SOBRE EL PROGRAMA DE ESTUDIO
Nombre del programa Maestría Bim Facility Management (A distancia)
526 ## - NOTA DE INFORMACIÓN SOBRE EL PROGRAMA DE ESTUDIO
Nombre del programa
526 ## - NOTA DE INFORMACIÓN SOBRE EL PROGRAMA DE ESTUDIO
Nombre del programa Educación musical y artes
526 ## - NOTA DE INFORMACIÓN SOBRE EL PROGRAMA DE ESTUDIO
Nombre del programa Educación, especialidad educación física
526 ## - NOTA DE INFORMACIÓN SOBRE EL PROGRAMA DE ESTUDIO
Nombre del programa Arquitectura
541 ## - NOTA DE FUENTE DE ADQUISICIÓN DIRECTA
-- 003-000204;
596 ## -
-- 1
650 04 - PUNTO DE ACCESO ADICIONAL DE MATERIA--TÉRMINO DE MATERIA
Término de materia o nombre geográfico como elemento de entrada Ordenación del territorio
Subdivisión general Derecho
Subdivisión geográfica España.
650 04 - PUNTO DE ACCESO ADICIONAL DE MATERIA--TÉRMINO DE MATERIA
Término de materia o nombre geográfico como elemento de entrada Ordenación del territorio
Subdivisión general Aspectos ambientales.
700 1# - ENTRADA AGREGADA--NOMBRE PERSONAL
Nombre de persona Fernández Fernández, Antonio,
Fechas asociadas al nombre 1965-
700 1# - ENTRADA AGREGADA--NOMBRE PERSONAL
Nombre de persona Pardo Abad, Carlos J.
700 1# - ENTRADA AGREGADA--NOMBRE PERSONAL
Nombre de persona Martín Roda, Eva M.
700 1# - ENTRADA AGREGADA--NOMBRE PERSONAL
Nombre de persona Cocero Matesanz, David.
910 ## - DATOS DE OPCIÓN DEL USUARIO (OCLC)
Datos de opción del usuario gl20111010
942 ## - ELEMENTOS DE ENTRADA SECUNDARIOS (KOHA)
Fuente del sistema de clasificación o colocación Clasificación Decimal Dewey
Tipo de ítem Koha
949 ## - PROCESAMIENTO DE INFORMACIÓN LOCAL (OCLC)
a 711.504 O6
w DEWEY
c 1
i 63788
l CCODEBUL1
m BUL
p 106.00
r 0
s Y
t BOOK
u 2015-7-6
x INGENIERIA
-- P06
o .STAFF. Colección General
994 ## -
-- C0
-- PEPRU
999 ## - NÚMEROS DE CONTROL DE SISTEMA (KOHA)
-- DEWEY
-- 63788
-- 2018-6-13
-- 2021-11-9
-- 7
-- CCODEBUL1
-- BUL
-- 2
-- 106.00
-- 0
-- Y
-- BOOK
-- 2015-7-6
-- INGENIERIA
-- P06
-- COMPRA
-- .STAFF. Colección General
980 ## - EQUIVALENCIA O REFERENCIA-CRUZADA-MENCIÓN DE SERIE--NOMBRE DE PERSONA/TÍTULO [LOCAL, CANADÁ]
ID del último usuario que modificó el registro 1
Nombre del último usuario que modificó el registro ALBERTO SANCHEZ Responsable de Automatización
Existencias
Visto por última vez Número de inventario Total de préstamos Signatura topográfica completa Código de barras Fecha del último préstamo Copia número Coste, precio de reemplazo Fecha de reemplazo Facultad Tipo de ítem Koha Nota pública Estado de pérdida Fuente del sistema de clasificación o colocación Restricciones de uso No para préstamo Colección Programa académico Biblioteca de origen Biblioteca actual Ubicación en estantería Fecha de adquisición Fuente de adquisición Coste, precio normal de compra
2025-12-03 8 2 711.504 O6 63788 2018-06-13 e1 111.00 2015-07-06 FIA Libros físicos inventario-2023-12-13 No Perdido Clasificación Decimal Dewey No restringido Disponible para préstamos Colección General Arquitectura Biblioteca CRAI UPeU Lima Biblioteca CRAI UPeU Lima Sala principal 2015-07-06 COMPRA 106.00